[Event "Keres Memorial op"]
[Site "Tallinn"]
[Date "2005.08.28"]
[Round "1"]
[White "Jezov, Roman"]
[Black "Thagazitov, Vladislav"]
[Result "1-0"]
[WhiteElo "2100"]
[BlackElo "1848"]
[PlyCount "85"]
[EventDate "2005.08.28"]
[EventType "swiss"]
[EventRounds "4"]
[EventCountry "EST"]
[SourceTitle "EXT 2018"]
[Source "ChessBase"]
[SourceDate "2017.10.13"]
[SourceVersion "1"]
[SourceVersionDate "2017.10.13"]
[SourceQuality "1"]

1. e4 Nf6 2. e5 Nd5 3. Nc3 Nb6 4. f4 d6 5. d4 dxe5 6. fxe5 Bf5 7. Be3 e6 8. Bd3 Bg6 9. Nf3 Nc6 10. a3 Be7 11. 0-0 Qd7 12. Bxg6 hxg6 13. Ne4 Nd5 14. Bc1 f5 15. Neg5 Bxg5 16. Bxg5 Na5 17. Qd3 a6 18. b4 Nc6 19. c4 Nde7 20. Rfd1 0-0-0 21. Qc3 b5 22. cxb5 axb5 23. Qc5 Rde8 24. Qxb5 Nd5 25. Rac1 Na7 26. Qa6+ Kb8 27. Rc5 Nb6 28. Rdc1 Nac8 29. a4 Qxa4 30. Qxa4 Nxa4 31. Rxc7 Rhg8 32. Rf7 Nab6 33. Rcc7 Nd5 34. Rb7+ Ka8 35. Rxg7 Rxg7 36. Rxg7 Nxb4 37. Rxg6 Nd5 38. h4 Ncb6 39. h5 Rh8 40. h6 Nd7 41. Rxe6 Rh7 42. Rd6 Nc7 43. e6 1-0